Most played JetPunk Quiz - Statistics

General Stats
  • This quiz has been taken 73 times
  • The average score is 2 of 31
Answer Stats
Creator Plays Quiz % Correct
Quizmaster 12,664,635 Countries of the World
93%
Quizmaster 5,004,676 United States
28%
Quizmaster 2,006,910 World Capitals
25%
johnnyaitch 1,419,313 Fast Typing A to Z
4%
Quizmaster 1,263,231 U.S. Presidents
4%
relessness 997,078 Countries of the World with an Empty Map
3%
Quizmaster 743,637 Periodic Table
3%
johnnyaitch 1,136,865 12 Months in 15 Seconds
1%
Quizmaster 1,042,383 Africa Map
1%
scambigol 981,160 Countries by Borders in 90 Seconds
1%
scambigol 1,528,698 Countries by First Two Letters in 90 Seconds
1%
Quizmaster 561,910 Countries that Start with A
1%
Quizmaster 646,767 Countries that Start with B
1%
Quizmaster 503,802 Countries that Start with C
1%
Quizmaster 2,114,095 Europe Map
1%
Quizmaster 514,305 Harry Potter Last Names
1%
Quizmaster 991,714 NFL Football Teams
1%
Quizmaster 947,811 Random Capital to Country
1%
Quizmaster 2,517,178 United States Map
1%
Quizmaster 660,119 US State Capitals
1%
scambigol 671,865 US States by Borders in 30 Seconds
1%
Quizmaster 711,534 Word Scramble - Countries
1%
Quizmaster 539,507 Central America and Caribbean Map
0%
Quizmaster 912,254 Country Flags #1
0%
Quizmaster 789,387 East Asia Map
0%
Quizmaster 1,857,203 Fast Typing to 100
0%
Quizmaster 1,519,984 Fifty States in One Minute
0%
Quizmaster 693,833 Middle East Map
0%
Quizmaster 544,787 Name the Planets
0%
Quizmaster 951,953 NBA Basketball Teams
0%
Quizmaster 715,436 South America Map
0%
No matching quizzes found
Score Distribution
Percent of People with Each Score
Percentile by Number Answered
Your Score History
You have not taken this quiz